| 000 | 00901nam a2200289 i 4500 | ||
|---|---|---|---|
| 003 | EG-GICUC | ||
| 005 | 20260428204203.0 | ||
| 008 | 260428s1979 it ||||fr|||| 00| 0 ita d | ||
| 040 |
_aEG-GiCUC _bita _cEG-GiCUC _dEG-GiCUC _erda |
||
| 041 | _aita | ||
| 082 | 0 | 4 |
_221 _a343.651 _bQU |
| 092 | 0 | 4 | _221 |
| 099 | _aLaw1 10 343.651 QU 1979 | ||
| 245 |
_aQuaderni : _bPerspectives On The Future Of Violent Criminality . _nVol.2 , _pPerspectives Sur Le Futur De La Violence / _cISISC . |
||
| 264 |
_aSiracusa : _bISISC , _c1979 . |
||
| 300 |
_a396 pages , _c24 cm |
||
| 336 |
_2rda content _atext |
||
| 337 |
_2rda media _aComputer |
||
| 338 |
_2rda carrier _aOnline Resource |
||
| 546 | _a Text in Italian | ||
| 650 | 1 | _aDiritto penale | |
| 650 | 1 | _aCrimine violento | |
| 651 | 1 | _2qrmak | |
| 856 | 4 | 0 | _uhttps://fll.law.cu.edu.eg/fulltext/bks/B10-10244.pdf |
| 905 | _a60 | ||
| 942 |
_2ddc _cBK _e21 _n0 |
||
| 999 |
_c73998 _d73998 |
||